الشعراني : (Record no. 7248)

MARC details
000 -LEADER
fixed length control field 00701nac a22001691u 4500
008 - FIXED-LENGTH DATA ELEMENTS--GENERAL INFORMATION
fixed length control field 080817s1945Uar||||r000| 000 00| 0b
082 ## - DEWEY DECIMAL CLASSIFICATION NUMBER
Classification number 269.9262
Item number ط و ي
110 ## - MAIN ENTRY--CORPORATE NAME
Corporate name or jurisdiction name as entry element Lagnet Targamet Daerat Al Maaref Al Islameya
9 (RLIN) 17348
245 ## - TITLE STATEMENT
Title الشعراني :
Remainder of title إمام التصوف في عصره /
Statement of responsibility, etc توفيق الطويل.
260 ## - PUBLICATION, DISTRIBUTION, ETC. (IMPRINT)
Place of publication, distribution, etc القاهرة:
Name of publisher, distributor, etc دار احياء الكتب العربية ،
Date of publication, distribution, etc 1945
300 ## - PHYSICAL DESCRIPTION
Extent 158 ص ؛
Dimensions 24 سم.
504 ## - BIBLIOGRAPHY, ETC. NOTE
Bibliography, etc يحتوي علي إرجاعات ببليوجرافية
511 ## - PARTICIPANT OR PERFORMER NOTE
Participant or performer note Catalogued by: Sara
541 ## - IMMEDIATE SOURCE OF ACQUISITION NOTE
Source of acquisition ألف باء ؛
710 ## - ADDED ENTRY--CORPORATE NAME
Corporate name or jurisdiction name as entry element Lagnet Targamet Daerat Al Maaref Al Islameya
9 (RLIN) 17349
942 ## - ADDED ENTRY ELEMENTS (KOHA)
Item type Book - Borrowing
Call number prefix 269.9262 ط و ي
Source of classification or shelving scheme Dewey Decimal Classification
Holdings
Withdrawn status Item status Source of classification or shelving scheme Damaged status Not for loan Vendor Home library Current library Shelving location Date acquired Source of acquisition Total Checkouts Full call number Barcode Date last seen Koha item type
    Dewey Decimal Classification     Alef-Baa Central Library Central Library Lower Floor 10/08/2010     269.9262 ط و ي 000008688 15/07/2025 Book - Borrowing